000 00776nam a2200193Ia 4500
008 151121s9999||||xx |||||||||||||| ||und||
082 _a814/चिपळू
082 _bHNW-10425
100 _aचिपळूणकर विष्णुशास्त्री
245 _aवान्मयविषयक सात निबंध
260 _b"म।गो। जोशी , पुणे"
260 _c--
300 _a130
600 _aचिपळूणकर विष्णुशास्त्री
630 _aवान्मयविषयक सात निबंध
700 _aचिपळूणकर विष्णुशास्त्री
730 _aवान्मयविषयक सात निबंध
942 _cBOOK
999 _c1215598
_d1215595